[Event "POL-chT DMP Ekstraliga 2019"]
[Site "Katowice"]
[Date "2019.08.31"]
[Round "4.3"]
[White "Dziuba, Marcin"]
[Black "Kanarek, Marcel"]
[Result "1-0"]
[WhiteElo "2568"]
[BlackElo "2493"]
[Annotator "ChessBase"]
[PlyCount "93"]
[EventDate "2019.08.28"]
[EventType "team-tourn"]
[EventCountry "POL"]
[SourceTitle "playchess.com"]
[Source "ChessBase"]
[SourceQuality "1"]
[TimeControl "40/5400+30:1800+30"]

1. d4 {[%emt 0:00:00]} Nf6 {[%emt 0:00:00]} 2. c4 {[%emt 0:00:01]} e6 {[%emt 0:00:00]} 3. Nc3 {[%emt 0:05:15]} Bb4 {[%emt 0:01:30]} 4. e3 {[%emt 0:01:27]} O-O {[%emt 0:00:39]} 5. Nge2 {[%emt 0:01:52]} d5 {[%emt 0:04:57]} 6. a3 {[%emt 0:00:28]} Bd6 {[%emt 0:08:25]} 7. c5 {[%emt 0:01:04]} Be7 {[%emt 0:00:08]} 8. b4 {[%emt 0:00:24]} b6 {[%emt 0:03:04]} 9. Nf4 {[%emt 0:06:19]} a5 {[%emt 0:01:09]} 10. Bb2 {[%emt 0:00:35]} c6 {[%emt 0:06:40]} 11. Be2 {[%emt 0:15:54]} Ba6 {[%emt 0:09:34]} 12. O-O {[%emt 0:01:49]} Bxe2 {[%emt 0:09:52]} 13. Qxe2 {[%emt 0:02:08]} Nbd7 {[%emt 0:04:12]} 14. Nd3 {[%emt 0:14:24]} Qc7 {[%emt 0:06:01]} 15. Rfc1 {[%emt 0:09:53]} Rfb8 {[%emt 0:12:21]} 16. Na4 {[%emt 0:04:43]} axb4 {[%emt 0:01:59]} 17. axb4 {[%emt 0:01:16]} bxc5 {[%emt 0:02:00]} 18. Naxc5 {[%emt 0:06:06]} Nxc5 {[%emt 0:08:05]} 19. bxc5 {[%emt 0:01:24]} Nd7 {[%emt 0:02:22]} 20. h3 {[%emt 0:02:54]} Bf6 {[%emt 0:03:03]} 21. Bc3 {[%emt 0:08:16]} e5 {[%emt 0:03:43]} 22. Qd2 {[%emt 0:00:45]} exd4 {[%emt 0:02:56]} 23. Bxd4 {[%emt 0:00:05]} Qb7 {[%emt 0:01:28]} 24. Qc2 {[%emt 0:02:53]} Rxa1 {[%emt 0:00:56]} 25. Rxa1 {[%emt 0:00:05]} h6 {[%emt 0:00:28]} 26. Qa4 {[%emt 0:05:52]} Bxd4 {[%emt 0:06:05]} 27. exd4 {[%emt 0:01:03]} Qb3 {[%emt 0:00:13]} 28. Qxc6 {[%emt 0:01:06]} Qxd3 {[%emt 0:00:03]} 29. Qxd7 {[%emt 0:00:05]} Qxd4 {[%emt 0:00:10]} 30. Rc1 {[%emt 0:00:03]} Qd2 {[%emt 0:00:43]} 31. Rf1 {[%emt 0:00:36]} d4 {[%emt 0:01:33]} 32. c6 {[%emt 0:00:12]} Qc2 {[%emt 0:00:31]} 33. c7 {[%emt 0:01:53]} Rf8 {[%emt 0:00:09]} 34. Re1 {[%emt 0:00:40]} d3 {[%emt 0:01:27]} 35. Re3 {[%emt 0:00:31]} Qc1+ {[%emt 0:00:31]} 36. Kh2 {[%emt 0:00:05]} d2 {[%emt 0:00:29]} 37. Rd3 {[%emt 0:00:20]} Kh7 {[%emt 0:00:31]} 38. Rxd2 {[%emt 0:00:29]} Qc5 {[%emt 0:00:28]} 39. g3 {[%emt 0:03:09]} f5 {[%emt 0:00:23]} 40. Qd6 {[%emt 0:00:00]} Qxd6 {[%emt 0:00:00]} 41. Rxd6 {[%emt 0:03:04]} Rc8 {[%emt 0:00:46]} 42. Rc6 {[%emt 0:04:11]} Kg8 {[%emt 0:04:57]} 43. Kg2 {[%emt 0:01:40]} Kf7 {[%emt 0:01:18]} 44. Kf3 {[%emt 0:00:20]} Ke7 {[%emt 0:00:34]} 45. Kf4 {[%emt 0:00:21]} Kd7 {[%emt 0:00:18]} 46. Rc2 {[%emt 0:00:36]} Ke6 {[%emt 0:03:46]} 47. h4 {[%emt 0:00:29]} 1-0

[Event "POL-chT DMP Ekstraliga 2019"]
[Site "Katowice"]
[Date "2019.08.31"]
[Round "4.4"]
[White "Janik, Igor"]
[Black "Michalik, Peter"]
[Result "1/2-1/2"]
[WhiteElo "2483"]
[BlackElo "2573"]
[Annotator "ChessBase"]
[PlyCount "70"]
[EventDate "2019.08.28"]
[EventType "team-tourn"]
[EventCountry "POL"]
[SourceTitle "playchess.com"]
[Source "ChessBase"]
[SourceQuality "1"]
[TimeControl "40/5400+30:1800+30"]

1. d4 {[%emt 0:00:00]} d5 {[%emt 0:00:00]} 2. c4 {[%emt 0:00:00]} c6 {[%emt 0:00:00]} 3. cxd5 {[%emt 0:00:00]} cxd5 {[%emt 0:00:00]} 4. Bf4 {[%emt 0:00:00]} Nf6 {[%emt 0:00:03]} 5. e3 {[%emt 0:00:05]} Nc6 {[%emt 0:00:07]} 6. Nc3 {[%emt 0:00:06]} Bf5 {[%emt 0:00:13]} 7. Qb3 {[%emt 0:00:13]} Na5 {[%emt 0:00:11]} 8. Qa4+ {[%emt 0:00:07]} Bd7 {[%emt 0:00:06]} 9. Qc2 {[%emt 0:00:04]} e6 {[%emt 0:00:15]} 10. Bd3 {[%emt 0:00:05]} Bb4 {[%emt 0:00:38]} 11. Nge2 {[%emt 0:03:31]} Rc8 {[%emt 0:07:59]} 12. O-O {[%emt 0:04:00]} Nc4 {[%emt 0:02:47]} 13. Rfc1 {[%emt 0:10:54]} O-O {[%emt 0:06:31]} 14. Bg5 {[%emt 0:15:17]} h6 {[%emt 0:00:16]} 15. Bxf6 {[%emt 0:00:15]} Qxf6 {[%emt 0:00:07]} 16. Qb3 {[%emt 0:00:27]} Qe7 {[%emt 0:01:43]} 17. a3 {[%emt 0:03:08]} Bd6 {[%emt 0:06:21]} 18. Bxc4 {[%emt 0:02:02]} Rxc4 {[%emt 0:00:06]} 19. Nb5 {[%emt 0:01:35]} Rxc1+ {[%emt 0:05:59]} 20. Rxc1 {[%emt 0:01:14]} Bb8 {[%emt 0:00:06]} 21. Rc2 {[%emt 0:01:32]} Rc8 {[%emt 0:06:55]} 22. Rxc8+ {[%emt 0:00:29]} Bxc8 {[%emt 0:00:07]} 23. Nc1 {[%emt 0:01:14]} a6 {[%emt 0:08:15]} 24. Nc3 {[%emt 0:00:36]} Qc7 {[%emt 0:00:04]} 25. f4 {[%emt 0:00:51]} Qc4 {[%emt 0:01:14]} 26. Kf2 {[%emt 0:01:31]} Qxb3 {[%emt 0:03:51]} 27. Nxb3 {[%emt 0:00:26]} b6 {[%emt 0:00:16]} 28. Nc1 {[%emt 0:01:16]} Bd7 {[%emt 0:00:19]} 29. Nd3 {[%emt 0:00:12]} a5 {[%emt 0:01:23]} 30. a4 {[%emt 0:01:00]} Bd6 {[%emt 0:00:39]} 31. Nb5 {[%emt 0:01:38]} Be7 {[%emt 0:00:08]} 32. b3 {[%emt 0:00:30]} f6 {[%emt 0:00:16]} 33. g4 {[%emt 0:00:16]} Kf7 {[%emt 0:03:11]} 34. Kf3 {[%emt 0:00:24]} Ke8 {[%emt 0:03:09]} 35. Nc3 {[%emt 0:01:08]} Bd6 {[%emt 0:06:41] Ke4} 1/2-1/2

[Event "POL-chT DMP Ekstraliga 2019"]
[Site "Katowice"]
[Date "2019.08.31"]
[Round "4.5"]
[White "Plat, Vojtech"]
[Black "Tomczak, Mikolaj"]
[Result "1/2-1/2"]
[WhiteElo "2561"]
[BlackElo "2432"]
[Annotator "ChessBase"]
[PlyCount "42"]
[EventDate "2019.08.28"]
[EventType "team-tourn"]
[EventCountry "POL"]
[SourceTitle "playchess.com"]
[Source "ChessBase"]
[SourceQuality "1"]
[TimeControl "40/5400+30:1800+30"]

1. c4 {[%emt 0:00:00]} Nf6 {[%emt 0:00:00]} 2. Nc3 {[%emt 0:00:00]} c5 {[%emt 0:00:23]} 3. g3 {[%emt 0:00:07]} g6 {[%emt 0:00:31]} 4. Bg2 {[%emt 0:00:05]} Bg7 {[%emt 0:00:07]} 5. Nf3 {[%emt 0:00:06]} d5 {[%emt 0:00:35]} 6. cxd5 {[%emt 0:00:13]} Nxd5 {[%emt 0:00:04]} 7. O-O {[%emt 0:02:06]} Nc6 {[%emt 0:00:44]} 8. Qb3 {[%emt 0:01:34]} Nc7 {[%emt 0:06:04]} 9. d3 {[%emt 0:00:58]} O-O {[%emt 0:00:38]} 10. Ne4 {[%emt 0:01:01]} b6 {[%emt 0:04:17]} 11. h4 {[%emt 0:17:42]} Be6 {[%emt 0:06:29]} 12. Qa4 {[%emt 0:01:03]} Qd7 {[%emt 0:03:48]} 13. Nfg5 {[%emt 0:13:08]} Nd4 {[%emt 0:02:53]} 14. Qd1 {[%emt 0:00:02]} Bg4 {[%emt 0:12:50]} 15. f3 {[%emt 0:04:36]} Bf5 {[%emt 0:01:24]} 16. Nf2 {[%emt 0:00:43]} h6 {[%emt 0:01:24]} 17. Ngh3 {[%emt 0:00:19]} Rad8 {[%emt 0:06:59]} 18. g4 Be6 19. e3 Nc6 20. Nf4 Nd5 21. Nxe6 Qxe6 1/2-1/2

[Event "POL-chT DMP Ekstraliga 2019"]
[Site "Katowice"]
[Date "2019.08.31"]
[Round "4.6"]
[White "Cyfka, Karina"]
[Black "Majdan, Joanna"]
[Result "1/2-1/2"]
[WhiteElo "2413"]
[BlackElo "2368"]
[Annotator "NA"]
[PlyCount "38"]
[EventDate "2019.08.28"]
[EventType "team-tourn"]
[EventCountry "POL"]
[SourceTitle "playchess.com"]
[Source "ChessBase"]
[SourceQuality "1"]
[TimeControl "40/5400+30:1800+30"]

1. Nf3 {[%emt 0:00:00]} d5 {[%emt 0:00:44]} 2. d4 {[%emt 0:00:31]} Nf6 {[%emt 0:00:09]} 3. c4 {[%emt 0:01:24]} dxc4 {[%emt 0:01:47]} 4. e3 {[%emt 0:03:35]} e6 {[%emt 0:00:59]} 5. Bxc4 {[%emt 0:01:14]} c5 {[%emt 0:00:36]} 6. O-O {[%emt 0:02:09]} a6 {[%emt 0:02:12]} 7. b3 {[%emt 0:04:50]} cxd4 {[%emt 0:04:21]} 8. Nxd4 {[%emt 0:04:45]} Be7 {[%emt 0:07:11]} 9. Bb2 {[%emt 0:05:25]} O-O {[%emt 0:02:03]} 10. Nd2 {[%emt 0:02:14]} b5 {[%emt 0:03:06]} 11. Be2 {[%emt 0:00:23]} Bb7 {[%emt 0:00:05]} 12. a4 {[%emt 0:03:13]} Nc6 {[%emt 0:06:35]} 13. axb5 {[%emt 0:06:48]} Nxd4 {[%emt 0:00:39]} 14. Bxd4 {[%emt 0:00:10]} axb5 {[%emt 0:00:07]} 15. Rxa8 {[%emt 0:00:42]} Qxa8 {[%emt 0:02:52]} 16. Nf3 {[%emt 0:02:13]} b4 {[%emt 0:06:10]} 17. Bc4 {[%emt 0:02:13]} Bd5 {[%emt 0:01:27]} 18. Bxd5 {[%emt 0:01:24]} Qxd5 {[%emt 0:02:45]} 19. Bxf6 {[%emt 0:01:48]} Qxd1 {[%emt 0:01:14]} 1/2-1/2

[Event "POL-chT DMP Ekstraliga 2019"]
[Site "Katowice"]
[Date "2019.08.31"]
[Round "4.7"]
[White "Harikrishna, Pentala"]
[Black "Heberla, Bartlomiej"]
[Result "1-0"]
[WhiteElo "2738"]
[BlackElo "2552"]
[Annotator "TA"]
[PlyCount "99"]
[EventDate "2019.08.28"]
[EventType "team-tourn"]
[EventCountry "POL"]
[SourceTitle "playchess.com"]
[Source "ChessBase"]
[SourceQuality "1"]

{[%evp 9,99,27,20,21,29,16,18,22,20,15,15,15,16,20,22,28,17,14,15,21,31,29,53,57,66,75,75,55,58,54,54,51,46,45,82,75,79,68,89,66,63,60,55,60,75,68,173,179,154,152,195,131,135,133,143,132,137,87,153,136,153,149,155,112,157,93,99,95,182,192,173,168,318,300,297,304,554,203,562,561,535,545,537,544,485,421,860,797,1599,1471,1619,1618]} 1. d4 d5 2. c4 e6 3. Nc3 a6 4. cxd5 exd5 5. Bf4 (5. Nf3 h6 6. Bf4 Nf6 7. e3 Bd6 8. Bxd6 Qxd6 9. Qc2 O-O 10. Bd3 Re8 11. h3 Be6 12. O-O Nbd7 13. a4 {½-½ (40) Shankland,S (2725)-Carlsen,M (2835) Wijk aan Zee 2019}) 5... Nf6 6. e3 {D31: Queen's Gambit Declined: Semi-Slav without ...Nf6 (+ Marshall Gambit and Noteboom) and Exchange Variation lines without ...Nf6} Bd6 7. Bg5 c6 8. Bd3 {The position is equal.} O-O 9. Nge2 Re8 10. Qc2 h6 11. Bh4 Nbd7 12. h3 $146 ({Predecessor:} 12. O-O) 12... b5 13. O-O Bb7 14. Rad1 Qc7 15. Bf5 Rab8 16. Rc1 Ba8 17. Rfd1 Qb7 18. Bg3 Bxg3 19. Nxg3 Nf8 20. Nb1 {[%cal Bc3b1,Bb1d2,Bd2b3,Bb3c5][%mdl 32]} g6 21. Bd3 Ne6 22. Nd2 Rbc8 23. Nb3 h5 24. Nc5 Nxc5 25. Qxc5 Nd7 26. Qc2 h4 27. Ne2 c5 {[#]} (27... Nf6 $14) 28. Bxg6 $1 $18 {[%mdl 512]} fxg6 29. Qxg6+ Kh8 30. dxc5 ({White should play} 30. Qh5+ $18 Kg8 31. Qg5+ (31. Qxh4 Nf8 $16) 31... Kf8 32. Nf4 (32. Qxh4 Qc6 $16)) 30... Ne5 $16 {[#]} 31. Qf6+ $1 Kg8 32. Qxh4 Qg7 {...Nf3+ is the strong threat.} 33. Qg3 Nd7 (33... Qxg3 $142 34. Nxg3 b4) 34. b4 Ne5 35. Qxg7+ Kxg7 36. Nd4 {And now Nf5+ would win.} Kf6 37. a4 (37. g4 $142) 37... bxa4 38. Ra1 Bc6 (38... a5 $16) 39. Nxc6 $18 {[%mdl 64] Discovered Attack} Nxc6 40. Rxa4 Ke5 (40... Kf7 {keeps fighting.} 41. Rxd5 Re4 42. Rxa6 Nxb4 43. Rf5+ Ke8) 41. Rxa6 Nxb4 42. f4+ Kf5 $2 (42... Ke4 {is a better defense.} 43. Rd4+ Kxe3 44. Rxb4 d4) 43. g4+ Ke4 {[#]} 44. Ra4 $1 {White threatens Kf2 and mate.White is clearly winning.} Kf3 {Threatening ...Nc2.} 45. Rxb4 Rxc5 46. Rb2 Rxe3 47. f5 Ke4 (47... Kf4 $142 48. f6 Kg5) 48. f6 Rc8 49. f7 Rf8 50. Rf1 {Accuracy: White = 73%, Black = 46%.} 1-0

[Event "POL-chT DMP Ekstraliga 2019"]
[Site "Katowice"]
[Date "2019.08.31"]
[Round "4.8"]
[White "Maksimenko, Andrei"]
[Black "Bartel, Mateusz"]
[Result "1/2-1/2"]
[WhiteElo "2468"]
[BlackElo "2612"]
[Annotator "TA"]
[PlyCount "50"]
[EventDate "2019.08.28"]
[EventType "team-tourn"]
[EventCountry "POL"]
[SourceTitle "playchess.com"]
[Source "ChessBase"]
[SourceQuality "1"]

{[%evp 10,50,43,34,31,6,7,1,22,25,29,29,27,26,29,25,27,27,27,33,50,38,41,11,21,4,5,6,7,8,5,5,14,6,16,0,17,10,16,12,8,0,14]} 1. d4 Nf6 2. c4 e6 3. Nf3 b6 4. g3 Bb7 5. Bg2 g6 6. O-O Bg7 {E16: Queen's Indian: 4 g3 Bb7 5 Bg2 Bb4+} 7. b3 $146 (7. Bf4 d6 8. Qc2 O-O 9. Nc3 Nc6 10. Rad1 Qe7 11. Rfe1 Nxd4 12. Nxd4 Bxg2 13. Kxg2 e5 14. Be3 exd4 15. Bxd4 {1-0 (59) Wei,Y (2733)-Howell,D (2693) Astana 2019}) 7... O-O 8. Bb2 a5 9. Nc3 Ne4 10. Qc2 Nxc3 11. Bxc3 d5 12. Rac1 Nd7 13. Rfd1 Qe7 14. Ne1 f5 15. Nd3 c6 16. cxd5 cxd5 {The position is equal.} 17. Bb2 Rfc8 18. Qd2 Bf8 19. Bf1 Qe8 20. Rxc8 Rxc8 21. Rc1 Bd6 22. Ne5 Nxe5 23. Rxc8 Nf3+ 24. exf3 Qxc8 25. Bb5 Bc6 {Accuracy: White = 55%, Black = 67%.} 1/2-1/2

[Event "POL-chT DMP Ekstraliga 2019"]
[Site "Katowice"]
[Date "2019.08.31"]
[Round "4.9"]
[White "Mastrovasilis, Dimitrios"]
[Black "Piesik, Piotr"]
[Result "1-0"]
[WhiteElo "2594"]
[BlackElo "2409"]
[Annotator "ChessBase"]
[PlyCount "59"]
[EventDate "2019.08.28"]
[EventType "team-tourn"]
[EventCountry "POL"]
[SourceTitle "playchess.com"]
[Source "ChessBase"]
[SourceQuality "1"]
[TimeControl "40/5400+30:1800+30"]

1. e4 {[%emt 0:00:00]} c5 {[%emt 0:00:00]} 2. Nf3 {[%emt 0:00:00]} d6 {[%emt 0:00:02]} 3. d4 {[%emt 0:00:09]} cxd4 {[%emt 0:00:04]} 4. Nxd4 {[%emt 0:00:10]} Nf6 {[%emt 0:00:06]} 5. Nc3 {[%emt 0:00:23]} a6 {[%emt 0:00:06]} 6. Be3 {[%emt 0:00:23]} e5 {[%emt 0:02:02]} 7. Nb3 {[%emt 0:01:10]} Be7 {[%emt 0:01:00]} 8. h3 {[%emt 0:00:36]} Be6 {[%emt 0:09:00]} 9. f4 {[%emt 0:01:41]} exf4 {[%emt 0:01:40]} 10. Bxf4 {[%emt 0:00:12]} Nc6 {[%emt 0:00:04]} 11. Qe2 {[%emt 0:02:12]} Ne5 {[%emt 0:07:02]} 12. O-O-O {[%emt 0:00:32]} Qc7 {[%emt 0:00:18]} 13. g4 {[%emt 0:01:00]} Rc8 {[%emt 0:11:17]} 14. Kb1 {[%emt 0:12:05]} O-O {[%emt 0:02:41]} 15. g5 {[%emt 0:10:21]} Nfd7 {[%emt 0:02:10]} 16. Nd5 {[%emt 0:03:59]} Bxd5 {[%emt 0:03:12]} 17. exd5 {[%emt 0:00:12]} Rfe8 {[%emt 0:00:10]} 18. Qg2 {[%emt 0:01:29]} Bf8 {[%emt 0:04:21]} 19. h4 {[%emt 0:02:37]} g6 {[%emt 0:11:56]} 20. h5 {[%emt 0:04:12]} Bg7 {[%emt 0:01:09]} 21. hxg6 {[%emt 0:01:39]} hxg6 {[%emt 0:00:42]} 22. Rh3 {[%emt 0:03:39]} Nb6 {[%emt 0:05:08]} 23. Bc1 {[%emt 0:09:21]} Nec4 {[%emt 0:07:31]} 24. Qh2 {[%emt 0:16:55]} Be5 {[%emt 0:08:22]} 25. Qf2 {[%emt 0:00:34]} Na4 {[%emt 0:05:04]} 26. Bxc4 {[%emt 0:06:52]} Qxc4 {[%emt 0:00:16]} 27. Rh4 {[%emt 0:01:10]} Qb5 {[%emt 0:00:08]} 28. Rh7 {[%emt 0:02:28]} Rc7 {[%emt 0:01:42]} 29. Rdh1 {[%emt 0:00:29]} Kf8 {[%emt 0:05:50]} 30. Qf6 {[%emt 0:01:51]} 1-0

[Event "POL-chT DMP Ekstraliga 2019"]
[Site "Katowice"]
[Date "2019.08.31"]
[Round "4.10"]
[White "Simantsev, Mikhail"]
[Black "Tazbir, Marcin"]
[Result "1/2-1/2"]
[WhiteElo "2346"]
[BlackElo "2521"]
[Annotator "ChessBase"]
[PlyCount "39"]
[EventDate "2019.08.28"]
[EventType "team-tourn"]
[EventCountry "POL"]
[SourceTitle "playchess.com"]
[Source "ChessBase"]
[SourceQuality "1"]
[TimeControl "40/5400+30:1800+30"]

1. d4 {[%emt 0:00:00]} d5 {[%emt 0:00:00]} 2. c4 {[%emt 0:00:00]} e6 {[%emt 0:00:00]} 3. Nc3 {[%emt 0:00:40]} Nf6 {[%emt 0:00:44]} 4. Nf3 {[%emt 0:01:31]} Bb4 {[%emt 0:00:05]} 5. Qa4+ {[%emt 0:00:08]} Nc6 {[%emt 0:00:06]} 6. e3 {[%emt 0:00:07]} O-O {[%emt 0:00:10]} 7. Bd2 {[%emt 0:01:11]} a6 {[%emt 0:04:43]} 8. a3 {[%emt 0:04:44]} Be7 {[%emt 0:04:31]} 9. Qc2 {[%emt 0:03:22]} Re8 {[%emt 0:02:31]} 10. Bd3 {[%emt 0:05:00]} dxc4 {[%emt 0:01:21]} 11. Bxc4 {[%emt 0:00:02]} h6 {[%emt 0:01:13]} 12. Rd1 {[%emt 0:22:16]} Bd6 {[%emt 0:09:50]} 13. e4 {[%emt 0:19:14]} e5 {[%emt 0:00:07]} 14. dxe5 {[%emt 0:01:35]} Nxe5 {[%emt 0:02:22]} 15. Nxe5 {[%emt 0:01:45]} Bxe5 {[%emt 0:01:42]} 16. Bxh6 {[%emt 0:08:53]} Qe7 {[%emt 0:02:06]} 17. Be3 {[%emt 0:06:01]} Bxc3+ {[%emt 0:01:38]} 18. Qxc3 {[%emt 0:01:53]} Nxe4 {[%emt 0:00:25]} 19. Qb3 {[%emt 0:03:07]} Nd6 {[%emt 0:03:56]} 20. O-O {[%emt 0:02:27]} 1/2-1/2

[Event "POL-chT DMP Ekstraliga 2019"]
[Site "Katowice"]
[Date "2019.08.31"]
[Round "4.11"]
[White "Wieczorek, Oskar"]
[Black "Szustakowski, Antoni"]
[Result "1/2-1/2"]
[WhiteElo "2497"]
[BlackElo "2256"]
[Annotator "ChessBase"]
[PlyCount "95"]
[EventDate "2019.08.28"]
[EventType "team-tourn"]
[EventCountry "POL"]
[SourceTitle "playchess.com"]
[Source "ChessBase"]
[SourceQuality "1"]
[TimeControl "40/5400+30:1800+30"]

1. e4 {[%emt 0:00:00]} e6 {[%emt 0:00:00]} 2. d4 {[%emt 0:00:00]} d5 {[%emt 0:00:00]} 3. Nc3 {[%emt 0:00:32]} Nf6 {[%emt 0:00:00]} 4. e5 {[%emt 0:00:06]} Nfd7 {[%emt 0:00:00]} 5. f4 {[%emt 0:00:48]} c5 {[%emt 0:00:00]} 6. Nf3 {[%emt 0:00:03]} Nc6 {[%emt 0:00:00]} 7. Be3 {[%emt 0:00:05]} a6 {[%emt 0:00:01]} 8. Qd2 {[%emt 0:00:38]} b5 {[%emt 0:00:13]} 9. Nd1 {[%emt 0:00:08]} Be7 {[%emt 0:00:04]} 10. c3 {[%emt 0:00:22]} b4 {[%emt 0:00:41]} 11. Be2 {[%emt 0:19:56]} a5 {[%emt 0:02:24]} 12. O-O {[%emt 0:04:39]} O-O {[%emt 0:00:06]} 13. Bf2 {[%emt 0:04:29]} Rb8 {[%emt 0:15:10]} 14. Ne3 {[%emt 0:09:45]} Nb6 {[%emt 0:00:18]} 15. cxb4 {[%emt 0:17:07]} cxd4 {[%emt 0:09:17]} 16. Nxd4 {[%emt 0:00:12]} Nxd4 {[%emt 0:00:04]} 17. Qxd4 {[%emt 0:00:09]} Bxb4 {[%emt 0:07:03]} 18. Rac1 {[%emt 0:07:00]} Be7 {[%emt 0:03:51]} 19. b3 {[%emt 0:08:48]} Bd7 {[%emt 0:06:15]} 20. Be1 {[%emt 0:01:43]} Nc8 {[%emt 0:02:59]} 21. f5 {[%emt 0:07:09]} Bg5 {[%emt 0:06:18]} 22. h4 {[%emt 0:00:32]} Bxe3+ {[%emt 0:03:41]} 23. Qxe3 {[%emt 0:00:01]} exf5 {[%emt 0:00:08]} 24. Qc5 {[%emt 0:04:55]} a4 {[%emt 0:07:13]} 25. bxa4 {[%emt 0:06:12]} Nb6 {[%emt 0:05:16]} 26. Ba5 {[%emt 0:04:43]} Nxa4 {[%emt 0:01:17]} 27. Bxd8 {[%emt 0:00:23]} Nxc5 {[%emt 0:00:03]} 28. Be7 {[%emt 0:00:24]} Ne4 {[%emt 0:01:00]} 29. Bxf8 {[%emt 0:00:03]} Kxf8 {[%emt 0:00:11]} 30. Rfd1 {[%emt 0:02:30]} Rb2 {[%emt 0:03:16]} 31. Rxd5 {[%emt 0:00:38]} Be6 {[%emt 0:00:06]} 32. Bb5 {[%emt 0:00:07]} g5 {[%emt 0:02:28]} 33. Rd8+ {[%emt 0:00:08]} Kg7 {[%emt 0:00:05]} 34. a4 {[%emt 0:00:31]} gxh4 {[%emt 0:00:44]} 35. Rd4 {[%emt 0:01:26]} h3 {[%emt 0:01:31]} 36. gxh3 {[%emt 0:00:19]} Ng5 {[%emt 0:00:03]} 37. Kf1 {[%emt 0:01:21]} Nf3 {[%emt 0:02:42]} 38. Rf4 {[%emt 0:00:14]} Nxe5 {[%emt 0:02:45]} 39. Rf2 {[%emt 0:00:01]} Rb3 {[%emt 0:03:43]} 40. Rc5 {[%emt 0:00:00]} Kf6 {[%emt 0:00:00]} 41. Kg2 {[%emt 0:02:46]} Ra3 {[%emt 0:08:57]} 42. Rfc2 {[%emt 0:08:41]} f4 {[%emt 0:04:50]} 43. R5c3 {[%emt 0:01:31]} Ra1 {[%emt 0:00:10]} 44. Rc1 {[%emt 0:04:52]} Ra2+ {[%emt 0:00:13]} 45. R3c2 {[%emt 0:00:20]} Ra3 {[%emt 0:00:07]} 46. Rc3 {[%emt 0:00:04]} Ra2+ {[%emt 0:00:03]} 47. R1c2 {[%emt 0:00:07]} Ra1 {[%emt 0:00:10]} 48. Rc1 {[%emt 0:01:07]} 1/2-1/2

[Event "POL-chT DMP Ekstraliga 2019"]
[Site "Katowice"]
[Date "2019.08.31"]
[Round "4.12"]
[White "Antolak, Julia"]
[Black "Zawadzka, Jolanta"]
[Result "0-1"]
[WhiteElo "2240"]
[BlackElo "2407"]
[Annotator "NA"]
[PlyCount "96"]
[EventDate "2019.08.28"]
[EventType "team-tourn"]
[EventCountry "POL"]
[SourceTitle "playchess.com"]
[Source "ChessBase"]
[SourceQuality "1"]
[TimeControl "40/5400+30:1800+30"]

1. e4 {[%emt 0:00:00]} c5 {[%emt 0:00:00]} 2. Nf3 {[%emt 0:00:00]} e6 {[%emt 0:00:00]} 3. d4 {[%emt 0:00:00]} cxd4 {[%emt 0:00:00]} 4. Nxd4 {[%emt 0:00:00]} Nc6 {[%emt 0:00:00]} 5. Nc3 {[%emt 0:00:00]} Qc7 {[%emt 0:00:12]} 6. f4 {[%emt 0:00:04]} Nxd4 {[%emt 0:01:40]} 7. Qxd4 {[%emt 0:00:06]} a6 {[%emt 0:00:12]} 8. Be3 {[%emt 0:02:20]} b5 {[%emt 0:01:22]} 9. a3 {[%emt 0:01:05]} Bb7 {[%emt 0:02:03]} 10. O-O-O {[%emt 0:00:53]} Rc8 {[%emt 0:01:55]} 11. Bd3 {[%emt 0:03:48]} Nf6 {[%emt 0:09:09]} 12. e5 {[%emt 0:02:30]} Nd5 {[%emt 0:03:11]} 13. Ne4 {[%emt 0:01:09]} b4 {[%emt 0:10:33]} 14. axb4 {[%emt 0:04:47]} Nxb4 {[%emt 0:03:40]} 15. Nd6+ {[%emt 0:19:02]} Bxd6 {[%emt 0:00:36]} 16. exd6 {[%emt 0:00:04]} Nxd3+ {[%emt 0:02:46]} 17. Qxd3 {[%emt 0:00:05]} Qa5 {[%emt 0:00:47]} 18. Bd4 {[%emt 0:04:00]} O-O {[%emt 0:06:13]} 19. Bc3 {[%emt 0:21:53]} Qa1+ {[%emt 0:14:27]} 20. Kd2 {[%emt 0:00:05]} Qa4 {[%emt 0:00:05]} 21. Qd4 {[%emt 0:04:11]} Qxd4+ {[%emt 0:00:06]} 22. Bxd4 {[%emt 0:00:03]} f6 {[%emt 0:11:53]} 23. Rhg1 {[%emt 0:04:49]} Rc6 {[%emt 0:00:24]} 24. Kc1 {[%emt 0:02:48]} Rxd6 {[%emt 0:05:52]} 25. Bc5 {[%emt 0:00:06]} Rxd1+ {[%emt 0:00:03]} 26. Rxd1 {[%emt 0:00:06]} Rf7 {[%emt 0:00:49]} 27. g3 {[%emt 0:01:00]} d5 {[%emt 0:02:06]} 28. b4 {[%emt 0:02:45]} Rc7 {[%emt 0:01:20]} 29. Kd2 {[%emt 0:01:12]} Bc6 {[%emt 0:02:38]} 30. Kc3 {[%emt 0:02:02]} Kf7 {[%emt 0:00:53]} 31. Kd4 {[%emt 0:00:20]} h5 {[%emt 0:02:01]} 32. Re1 {[%emt 0:02:04]} Rc8 {[%emt 0:01:25]} 33. Re3 {[%emt 0:01:24]} Re8 {[%emt 0:05:35]} 34. Bd6 {[%emt 0:02:52]} Kg6 {[%emt 0:00:56]} 35. Rc3 {[%emt 0:01:24]} Bb5 {[%emt 0:02:13]} 36. Rc7 {[%emt 0:00:33]} Rd8 {[%emt 0:00:59]} 37. Bc5 {[%emt 0:01:57]} Rg8 {[%emt 0:00:33]} 38. Re7 {[%emt 0:01:19]} Kf5 {[%emt 0:00:15]} 39. Ke3 {[%emt 0:02:14]} g5 {[%emt 0:03:35]} 40. fxg5 {[%emt 0:00:00]} Rxg5 {[%emt 0:00:00]} 41. Rh7 {[%emt 0:02:44]} Kg6 {[%emt 0:06:03]} 42. Re7 {[%emt 0:00:51]} Re5+ {[%emt 0:00:18]} 43. Kf3 {[%emt 0:01:19]} Re2 {[%emt 0:02:33]} 44. h3 {[%emt 0:03:52]} e5 {[%emt 0:01:21]} 45. g4 {[%emt 0:00:34]} hxg4+ {[%emt 0:02:46]} 46. Kxg4 {[%emt 0:00:34]} Rxc2 {[%emt 0:00:42]} 47. h4 {[%emt 0:00:09]} Be2+ {[%emt 0:01:24]} 48. Kg3 {[%emt 0:00:09]} d4 {[%emt 0:00:38]} 0-1